000
00302nam a22001217a 4500
040
_c
HS
082
_a
612
100
_a
ធីម សុខា
245
_a
ជាលិកា និងកោសិកាវិទ្យា
260
_a
RUA
_b
ធីម សុខា
_c
2011
300
_a
64p;
942
_c
KB
999
_c
9459
_d
9459